000 00872cam a22003131a 4500
001 76775
003 BD-RjUL
005 20211209082901.0
008 20 s1966 enk 000 0 eng
035 _a(BD-RjUL)
035 _a584551
040 _aLC
_beng
_cLC
_dLC
041 1 _aeng
_hgrc
082 0 0 _a321.07
100 0 _aPlato.
_9237859
245 1 0 _aPlato's Republic /
_cedited and translated by I. A. Richards.
260 _aCambridge:
_bCambridge U.P.,
_c1966.
300 _a[4], 196 p. ;
_c23 cm.
650 0 _aPolitical science
_vEarly works to 1800.
_9237860
650 0 _aUtopias.
_9237861
700 1 _aRichards, I. A.
_q(Ivor Armstrong),
_d1893-,
_9237862
942 _2ddc
_cBK
999 _c76775
_d76775